Structures de Minecraft par image - Statistiques

Statistiques générales
  • Ce quiz a été pris 142 fois
  • Le résultat moyen est 10 sur 24
Statistiques - réponses
Par images Réponse % Correct
Village
90%
Fort
85%
Pyramide
83%
Manoir
82%
Puits de mine abandonné
74%
Ancienne cité
72%
Temple de la jungle
72%
Igloo
70%
Portail en ruine
60%
Forteresse du Nether
58%
Vestiges de bastion
53%
Cabane des marais
42%
Cité de l'End
37%
Donjon
26%
Chambres des épreuves
20%
Avant-Poste de pillards
17%
Flèche du Nether
17%
Puits du désert
17%
Pyramide de briques
15%
Monument sous-marin
14%
Epave de navire
13%
Ruines sous-marines
9%
Maison de départ
3%
Ruines de santier
2%
Aucun quiz correspondant
Distribution des résultats
% des personnes avec chaque résultat
Percentile par nombre de réponses
Votre historique - résultats
Vous n’avez pas pris ce quiz